00851nam a22002297a 450000500170000001000140001702000260003103500130005703700130007008200080008310000270009124500840011826000420020227000830024430000210032750000500034865000200039865000310041894200220044999900170047195201330048820100803141626.0 aENG-97983 a9789380388342c995.00 aEN-81516 bDBAD/PUB a370 aMalhotra, Ramesh96584 aRights to education :bfree compulsory education for all /cby Ramesh Malhotra  aNew DelhibDPS Publishing Housec2011 aRoom No. 213, 7/28, Mahavir Street, Ansari Road, Darya GanjbNew Delhie110002 a280p.c22cm (Hb) aIncludes bibliographical references and index aEducation96585 aCompulsory education96586 2ddccENh370mMAL c38967d38967 001040718NFICaDBADbDBADd2010-08-03eDBAD/PUBg995.00l0o370 MALpEN-81516r2010-08-03 00:00:00t1v995.00w2010-08-03yEN